| 000 | 01418aam a2200253 a 4500 | ||
|---|---|---|---|
| 003 | AR-RoUNCS | ||
| 005 | 20260625172938.0 | ||
| 007 | ta | ||
| 008 | 080430s1992 ag bd |r |00| 0 spa d | ||
| 020 | _a950-23-0124-2 | ||
| 040 |
_aAR-RoUNCS _bspa _cAR-RoUNCS |
||
| 041 | 1 |
_aspa _hfre |
|
| 100 | 1 |
_aChaunu, Pierre _eautor |
|
| 245 | 1 | 0 |
_aHistoria de América Latina / _cPierre Chaunu. |
| 250 | _a13a ed. | ||
| 260 |
_aBuenos Aires : _bEudeba, _c1992. |
||
| 300 |
_a132 p. : _bmapas, diagrs. ; _c18 cm. |
||
| 490 | 1 | _aAmérica | |
| 500 | _aTítulo original: Histoire de l'Amérique latine / traducida de la segunda edición actualizada, 1961, por Federico Monjardín. | ||
| 505 | 0 | _aIntroducción: Al encuentro de dos mundos -- Pte. 1: La América Latina colonial (1492-1808): I. El siglo de los conquistadores (1492-1550) -- II. La organización de la conquista -- III. Economías y sociedades -- Pte. 2: Hundimiento del sistema: independencia de América Latina: -- I. Las causas -- II. El derrumbe -- III. Panamá. Fracaso de Bolívar. Triunfo de la división -- Pte. 3: América Latina libre (?): de la colonización ibérica a la colonización estadounidense: I. Las dificultades políticas internas -- II. La influencia europea -- III. El tercer expoliador: el Tío Sam -- Conclusión -- Bibliografía. | |
| 650 | 7 |
_2embne _aAmérica Latina _vHistoria |
|
| 650 | 7 |
_2embne _aColonización |
|
| 942 |
_2udc _cOG _n0 |
||
| 999 |
_c1062 _d1062 |
||